| 000 | 03331nam a22002777a 4500 | ||
|---|---|---|---|
| 001 | 6523 | ||
| 003 | FISKH | ||
| 005 | 20250508104106.0 | ||
| 008 | 250508b cb ||||| |||| 00| 0 eng d | ||
| 020 | _a9781741797145 | ||
| 040 |
_aFISKH _beng _cFISKH _dFISKH |
||
| 050 | _a G153.7 | ||
| 082 | _a915.930444 | ||
| 100 | _aChina, Williams | ||
| 245 |
_aThailand / _cBy China William, Mark Beales, Tim Bewer and Celeste Brash |
||
| 260 |
_aFort Mill : _bLonely Planet , _c2012. |
||
| 300 |
_a814 pages : _bcolor illustrations, maps ; _c20 cm. |
||
| 490 | _aLonely Planet | ||
| 520 | _aLonely Planet's Thailand is our most comprehensive guide that extensively covers all the country has to offer, with recommendations for both popular and lesser-known experiences. Sample Bangkok's street-food, visit elephants in Chiang Mai and relax on the white beaches of Railay; all with your trusted travel companion. Inside Lonely Planet's Thailand Travel Guide: Lonely Planet's Top Picks - a visually inspiring collection of the destination's best experiences and where to have them Itineraries help you build the ultimate trip based on your personal needs and interests Local insights give you a richer, more rewarding travel experience - whether it's history, people, music, landscapes, wildlife, politics Eating and drinking - get the most out of your gastronomic experience as we reveal the regional dishes and drinks you have to try Toolkit - all of the planning tools for solo travellers, LGBTQIA+ travellers, family travellers and accessible travel Colour maps and images throughout Language - essential phrases and language tips Insider tips to save time and money and get around like a local, avoiding crowds and trouble spots Covers Bangkok, Central Thailand, Ko Chang, Chiang Mai Province, Northern Thailand, Hua Hin, Southern Gulf, Ko Samui, Lower Gulf, Phuket, Andaman Coast and more eBook Features: (Best viewed on tablet devices and smartphones) Downloadable PDF and offline maps prevent roaming and data charges Effortlessly navigate and jump between maps and reviews Add notes to personalize your guidebook experience Seamlessly flip between pages Bookmarks and speedy search capabilities get you to key pages in a flash Embedded links to recommendations' websites Zoom-in maps and images Inbuilt dictionary for quick referencing About Lonely Planet: Lonely Planet, a Red Ventures Company, is the world's number one travel guidebook brand. Providing both inspiring and trustworthy information for every kind of traveller since 1973, Lonely Planet reaches hundreds of millions of travellers each year online and in print and helps them unlock amazing experiences. Visit us at lonelyplanet.com and join our community of followers on Facebook (facebook.com/lonelyplanet), Twitter (@lonelyplanet), Instagram (instagram.com/lonelyplanet), and TikTok (@lonelyplanet). 'Lonely Planet. It's on everyone's bookshelves; it's in every traveller's hands. It's on mobile phones. It's on the Internet. It's everywhere, and it's telling entire generations of people how to travel the world.' Fairfax Media (Australia) | ||
| 650 |
_aGuide book _vNon-fiction |
||
| 650 |
_aSoutheast Asia _vNon-fiction |
||
| 700 |
_aBush, Austin _eIllustrator |
||
| 700 |
_aPresser, Brandon _eIllustrator |
||
| 942 |
_2ddc _cBK _n0 |
||
| 999 |
_c6523 _d6523 |
||